| 000 | 00528nam a2200181Ia 4500 | ||
|---|---|---|---|
| 003 | LK-CoDNM | ||
| 008 | 010623t1991 xxu||||| |||| 00| 1 sin d | ||
| 040 |
_aLK-CoDNM _dLK-CoDNM _eLK-CoDNM |
||
| 041 | _asin | ||
| 080 |
_a801.5 _bJAY |
||
| 100 | _aJayathilake, K. | ||
| 245 | _aනූතන ව්යාකරණයේ මුල් පොත | ||
| 246 | _aNuthana Sinhala vyakaranaye mul potha | ||
| 260 |
_bPradeepa publication _aColombo _c1991 |
||
| 300 | _b184, 18 cm | ||
| 650 | _aLanguage Linguisties | ||
| 942 | _cBK | ||
| 999 |
_c115207 _d115207 |
||